Lavado de dinero (Registro nro. 9752)
[ vista simple ]
| 000 -LEADER | |
|---|---|
| fixed length control field | 00340 a2200121 4500 |
| 001 - CONTROL NUMBER | |
| control field | ART_25789 |
| 005 - DATE AND TIME OF LATEST TRANSACTION | |
| control field | 20260410161601.0 |
| 008 - FIXED-LENGTH DATA ELEMENTS--GENERAL INFORMATION | |
| fixed length control field | 260409a |
| 100 1# - MAIN ENTRY--PERSONAL NAME | |
| Personal name | Wainstein, Mario |
| 245 10 - TITLE STATEMENT | |
| Title | Lavado de dinero |
| 700 1# - ADDED ENTRY--PERSONAL NAME | |
| Personal name | del Castillo, Daniel |
| 773 0# - HOST ITEM ENTRY | |
| Title | Profesional & Empresaria |
| Related parts | - Año VII, Nº 76 (ene. 2006) |
| Record control number | REV70 |
No hay ítems disponibles.